NFL - The Only Person to Do It - Statistics

General Stats
  • This quiz has been taken 16,104 times
  • The average score is 11 of 20
Answer Stats
The only player in history to ... Answer % Correct
Win seven Super Bowls Tom Brady
100%
Win five regular-season MVP awards Peyton Manning
82%
Play in the Super Bowl and World Series Deion Sanders
76%
Be named to the NFL Pro Bowl and the Major League All-Star game Bo Jackson
72%
Sign a $500 million contract Patrick Mahomes
67%
Defeat his brother as head coach in the Super Bowl John Harbaugh
64%
Start in 299 consecutive games at quarterback Brett Favre
60%
Lead the league in passing yards seven times Drew Brees
58%
Lose four Super Bowls as a starting quarterback Jim Kelly
56%
Throw 11 Super Bowl touchdowns, with no interceptions Joe Montana
55%
Lead the league in rushing eight times Jim Brown
54%
Rush for 2000 yards in a 14 game season O. J. Simpson
54%
Have a star on the Hollywood Walk of Fame (hint: Steelers) Terry Bradshaw
54%
Die in the War in Afghanistan Pat Tillman
51%
Start a game at quarterback for 9 different teams Ryan Fitzpatrick
50%
Be involved in 4 homicides Aaron Hernandez
42%
Have only one hand Shaquem Griffin
36%
Have an undefeated, Super Bowl winning season as a quarterback Bob Griese
31%
Compete in the Olympics as a bobsledder Herschel Walker
15%
Win an Olympic gold medal in the decathlon Jim Thorpe
14%
No matching quizzes found
Score Distribution
Percent of People with Each Score
Percentile by Number Answered
Your Score History
You have not taken this quiz